00427nam a2200121Ia 4500008004100000245011200041260004500153260000900198300000900207500001300216650001300229856006300242170516s9999 xx 000 0 und d aFormulation, optimization & evaluation of mouth dissolving film of nifedipine by using design of experiment bAsian Journal of Pharmaceutical Sciences c2016 a11:1 aFebruary xPharmacy uhttp://www.sciencedirect.com/science/journal/18180876/11/1